Central Library OPAC University of Rajshahi
Normal view MARC view

Entry Topical Term

Number of records used in: 18

001 - CONTROL NUMBER

  • control field: 11591

003 - CONTROL NUMBER IDENTIFIER

  • control field: BD-RjUL

005 - DATE AND TIME OF LATEST TRANSACTION

  • control field: 20240208153705.0

008 - FIXED-LENGTH DATA ELEMENTS

  • fixed length control field: 240208|| aca||aabn | a|a d

040 ## - CATALOGING SOURCE

  • Original cataloging agency: BD-RjUL
  • Transcribing agency: BD-RjUL

150 ## - HEADING--TOPICAL TERM

  • Topical term or geographic name entry element: বাংলা সাহিত্য
  • Form subdivision: ইতিহাস ও সমালোচনা
  • General subdivision: ১৯৪৭-১৯৯০

670 ## - SOURCE DATA FOUND

  • Source citation: Work cat.: (BD-RjUL)83025: সরকার, শিখা 11590, বাংলাদেশের নাটকে সমকালীন জীবন (১৯৪৭-১৯৯০) /, ২০০৬